Statistics for Countries with C

Click here to take the quiz!

General Stats

  • This quiz has been taken 53 times
  • The average score is 33 of 39

Answer Stats

First LetterAnswer% Correct
CCambodia
96%
CCanada
96%
CColombia
96%
DDemocratic Republic of the {Congo}
96%
RRepublic of the {Congo}
96%
CChile
94%
CCzech Republic
94%
CCameroon
92%
CChina
92%
CChad
90%
EEcuador
90%
FFrance
90%
LLiechtenstein
90%
CCape Verde
86%
CCroatia
86%
CCuba
86%
DDominican Republic
86%
FFederated States of {Micronesia}
86%
IIceland
86%
MMonaco
86%
VVatican City
86%
CComoros
84%
CCyprus
84%
JJamaica
84%
MMorocco
84%
CCosta Rica
82%
DDominica
82%
GGreece
82%
NNicaragua
82%
SSeychelles
82%
CCentral African Republic
80%
IIvory Coast
78%
MMadagascar
78%
SSouth Africa
78%
MMexico
76%
SSaint Lucia
76%
SSaint Vincent and the Grenadines
76%
NNorth Macedonia
72%
SSao Tome and Principe
48%

Score Distribution

Percentile by Number Answered

Percent of People with Each Score

Your Score History

You have not taken this quiz